000 00872nam a2200241 i 4500
001 112357
003 ES-MaACL
005 20250928125914.0
007 t|
008 210831s2018 sp 00010 spa d
020 _a978-84-17659-04-2
080 _a821.134.2-32"20"
100 1 _aMoreno Aguilar, Pablo.
_9173622
245 1 0 _aTener sentido nunca tiene sentido :
_blas reflexiones más absurdas y surrealistas del ignorante más sabio /
_cPablo Moreno Aguilar ; [prólogo, Curro Castillo].
250 _a1ª ed.
260 _aMadrid :
_bÉride,
_c2018.
300 _a225 p. :
_bil. ;
_c21 cm.
700 1 _aCastillo Hervás, Francisco José,
_d1959-
_9173623
852 4 _aES-MaACL
_jA-14756
_9116606
_bR.152762
_cDEPO1
_dOlim: N-7756
_hDonación: Editorial
942 _2udc
_cMONOGRAFIA
999 _c112357
_d112357